| 000 | 00570nam a2200217Ia 4500 | ||
|---|---|---|---|
| 003 | OSt | ||
| 005 | 20240911161126.0 | ||
| 007 | ta | ||
| 008 | 220927b |||||||| |||| 00| 0 hin d | ||
| 024 | _a101129 | ||
| 037 | _cTextual | ||
| 040 |
_aSDCL _cSDCL _bhin |
||
| 041 |
_2hin _ahin |
||
| 082 | _aO142,3M60x 52K7 | ||
| 100 |
_aChekov _9415972 |
||
| 245 | 0 | _aLaghu upanayas aur kahaniya : | |
| 260 |
_aMasco : _bPragati Prakashan, _c1967. |
||
| 300 |
_a372p. _ccm. |
||
| 942 |
_hO142,3M60x 152K7 _cRAR _2CC |
||
| 999 |
_c731873 _d731873 |
||